LEADER 01143nam a2200265 u 4500 001 000000079739 003 CaOOAMICUS 005 20070226123554.0 008 040611s2001 mau u000 u eng u 020 $a0391041096 035 $a10998814 040 $aPUL$bita 100 1 $aFernández Marcos, Natalio,$d1940-$0(OLS)http://pul/name/35403 245 14$aThe septuagint in context :$bintroduction to the Greek Version of the Bible /$cNatalio Fernández Marcos ; translated by Wilfred G.E.Watson. 260 $aBoston :$bBrill Academic,$c2001. 300 $a394 p. ;$c23 cm 500 $aInclude indici. 504 $aBibliografia in nota. 630 04$aBiblia.$lGreco.$0(OLS)http://pul/subject/20589 850 $aPUL 852 $aPUL$W1$xSL Religione 3$y85$m221. 4 FERNA 1$j101976$nBK-PRI$qDDC 21$B101976$CPULBib$Z2$F101976 $HPUL90909 $82 941 1 $a9 996 $6020$a0391041096$9(OLS)http://pul/number/105023 996 $6245$aThe septuagint in context :$bintroduction to the Greek Version of the Bible$9(OLS)http://pul/title/104450 996 $6260$aBoston :$bBrill Academic$9(OLS)http://pul/publisher/75697 LEADER 01060nam a2200253 a 4500 001 000000140732 003 CaOOAMICUS 005 20141203114349.0 008 141203s1976 it u000 u ita r 040 $aPUL$bita 245 00$aMagia e scienza nella civiltŕ umanistica /$ca cura di Cesare Vasoli. 260 $aBologna :$bIl Mulino,$c1976. 300 $a303 p. ;$c21 cm 490 1 $aProblemi e prospettive.$aSerie di filosofia 650 4$aUmanesimo$xCritica e interpretazione.$0(OLS)http://pul/subject/16054 700 1 $aVasoli, Cesare,$d1924-$0(OLS)http://pul/name/4280 830 0$aProblemi e prospettive.$pSerie di filosofia.$0(OLS)http://pul/title/27627 850 $aPUL 852 $aPUL$W1$xDP1 Fondo Capitani$y116$m2 A 28$j114993$qFondi$B162091$CPULBib$Z2$F162091 $HCap1338 $82 941 1 $a1 961 $aNota ms. di possesso: Capitani. 996 $6245$aMagia e scienza nella civiltŕ umanistica$9(OLS)http://pul/title/178072 996 $6260$aBologna :$bIl Mulino$9(OLS)http://pul/publisher/47928